Zniszczenia wojenne i odbudowa zabytkowych miast Dolnego Śląska
| Titel: | Zniszczenia wojenne i odbudowa zabytkowych miast Dolnego Śląska |
|---|---|
| Verfasser: | |
| In: |
Śla̜ski labirynt krajoznawczy, Band 4 (1992), Seite 131-134 alle Artikel anzeigen |
| Veröffentlicht: | 1992 |
| Format: | Aufsatz |
| Sprache: | Polnisch |
X
alg: 39463607 001A $01999:12-11-16 001B $01999:01-06-17 $t17:57:36.000 001D $01999:12-11-16 001U $0utf8 001X $00 002@ $0Aox 003@ $0394636074 007A $0394636074 $aHEB 007T $0Herdww001679 010@ $apol 011@ $a1992 021A $aZniszczenia wojenne i odbudowa zabytkowych miast Dolnego Śląska 027A $aKriegszerstörungen und Wiederaufbau 028A $aPrzyłęcki $dMirosław 031A $d4 $h131-134 $j1992 039B $aIn $8--Abvc--. Śla̜ski labirynt krajoznawczy. - Wrocław : Sudety, 1989-. - ISSN 0867-0013 $x199200000040000869 $9048583480 046B $aParallelt.: Kriegszerstörungen und Wiederaufbau lok: 39463607 78 exp: 39463607 78 1 #EPN 201B/01 $007-12-17 $t23:40:05.000 201U/01 $0utf8 203@/01 $0790746549 208@/01 $a12-11-16 $be 209A/01 $a/ $f000 $x00 220C/01 $aTitelaufnehmer: AH 244Z/01 $2Trx $#Silesia $#Śląsk $#Sliezsko $#Slezsko $8--Trx--Schlesien $x01 $9391173987 244Z/01 $#Niederschlesien $#Dolny Śląsk $#Dolní Slezsko $74042237-9 $8--Tg1--Niederschlesien $x02 $9085116734 244Z/01 $#Breslau $#Wrocław $#Wrotizla $#Breßlau $#Breßlaw $#Vroclav $#Vratislav $#Vratislavia $#Vratislauiae $#Bresslau $#Wratislavia $#Brassel $#Bresla $#Wratislava $#Smirna $#Breslavia $#Wroclaw $74008216-7 $8--Tg1--Breslau $x03 $9085014184 244Z/01 $aGeschichte 1945- $x04 244Z/01 $2Trx $#sõjakahjud $#karo griuvėsiai $#War damages $#háborús károk $#straty wojenne $#vojnové škody $#škody válečné $#zniszczenia wojenne $8--Trx--Kriegsschäden $x05 $9391359150 244Z/01 $2Trx $#ülevaated kohad $#vietovės bendras $#overview cities $#ábrázolások, átfogó helyek $#miejscowości poszczególne $#dejiny miestne $#dějiny místní $#Ortsgeschichte $#Städte $#Orte $#miasta $#miestne dejiny $8--Trx--Darstellungen, übergreifende$gOrte $x06 $9391384228 244Z/01 $2Trx $8--Trx--Zeitschriftenaufsatz $x07 $9391384341 247C/01 $82080>Marburg/Lahn, Herder-Institut, Forschungsbibliothek, Bibliographieportal $9336309341
| LEADER | 00000caa a22000002c 4500 | ||
|---|---|---|---|
| 001 | 394636074 | ||
| 003 | DE-603 | ||
| 005 | 20170601175736.0 | ||
| 007 | tu | ||
| 008 | 161112s1992 xx |||| | u00||u|pol c | ||
| 035 | |a (DE-599)HEB394636074 | ||
| 040 | |a DE-603 |b ger |c DE-603 |d DE-603 | ||
| 041 | |a pol | ||
| 100 | 1 | |a Przyłęcki, Mirosław | |
| 245 | 0 | 0 | |a Zniszczenia wojenne i odbudowa zabytkowych miast Dolnego Śląska |
| 246 | 0 | 1 | |i Parallelt. |a Kriegszerstörungen und Wiederaufbau |
| 246 | 1 | 3 | |a Kriegszerstörungen und Wiederaufbau |
| 264 | 0 | |c 1992 | |
| 773 | 0 | 8 | |i In |t Śla̜ski labirynt krajoznawczy |d Wrocław : Sudety, 1989- |x 0867-0013 |g Band 4 (1992), Seite 131-134 |w (DE-603)048583480 |w (DE-600)1077945-0 |
| 924 | 0 | |9 2080 |a (DE-603)790746549 |b DE-2080 |c HES |d d |g / | |


